Quantum Mechanics For Engineers (Record no. 7542)

MARC details
000 -LEADER
fixed length control field 00368nam a2200145Ia 4500
008 - FIXED-LENGTH DATA ELEMENTS--GENERAL INFORMATION
fixed length control field 221030s9999 xx 000 0 und d
041 ## - LANGUAGE CODE
Language code of text/sound track or separate title
082 ## - DEWEY DECIMAL CLASSIFICATION NUMBER
Classification number 105.23
Item number Omp
100 ## - MAIN ENTRY--AUTHOR NAME
Personal name Om Prakash
245 #0 - TITLE STATEMENT
Title Quantum Mechanics For Engineers
260 ## - PUBLICATION, DISTRIBUTION, ETC. (IMPRINT)
Name of publisher QIP Center, University Of Roorkee, Roorkee
Place of publication India
Year of publication 0
300 ## - PHYSICAL DESCRIPTION
Number of Pages 116
650 ## - SUBJECT ADDED ENTRY--TOPICAL TERM
Topical Term Mechanical
942 ## - ADDED ENTRY ELEMENTS (KOHA)
Koha item type Books
Holdings
Accession Number Full call number Price effective from Koha item type Withdrawn / writtenoff status Materials specified (bound volume or other part) Damaged status Not for loan Permanent Location Current Location Shelving location Date acquired Lost/ Missing status department
BE 4159 105.23 Omp 10/30/2022 Books   Print   Not For Loan MIET Library, Jammu MIET Library, Jammu BL-Second, FL-1, CUP-23, SH-6, R-6 08/06/2001   BE
B 4159 105.23 10/30/2022 Books   Print     MIET Library, Jammu MIET Library, Jammu BL-, FL-, CUP-0, SH-0, R-0 06/18/2012   BE